000 00562 a2200229 4500
005 20260204144905.0
008 260204b |||||||| |||| 00| 0 eng d
020 _a9781119978107
_c$ 90.15
040 _aMAIN
082 _a616.91
_bD596I(7)
100 _aDimmock, N J
245 _aIntroduction to modern virology
250 _a7th
260 _bWiley Blackwell
_c2016
_aWest Sussex
300 _axix, 519
650 _aMicroorganisms
650 _aViruses
650 _aVirology
700 _aEaston, A J
700 _aLeppard, K N
942 _cBK
999 _c395004
_d395004